| 000 | 00461cam a2200133ua 4500 | ||
|---|---|---|---|
| 082 |
_a333.7909543 _bMAH/EN |
||
| 100 |
_aMaheswari , R C . _91476 |
||
| 100 |
_aSrivastava, P K . _91477 |
||
| 245 | _aEnergy Census and Resource Assessment of Village Islamangar in the District of Bhopal / | ||
| 260 |
_aBhopal : _bCentral Institute of Agricultural Engineering , _c1986. |
||
| 300 | _a99 ; . | ||
| 500 | _aElectro- Mechanical Engineering Division | ||
| 942 | _cREF | ||
| 999 |
_c10906 _d10906 |
||